LEADER 01154nam--2200373---450- 001 990003081230203316 005 20080314160147.0 010 $a0-226-10596-2 035 $a000308123 035 $aUSA01000308123 035 $a(ALEPH)000308123USA01 035 $a000308123 100 $a20080314d1989----km-y0itay50------ba 101 $aeng 102 $aUS 105 $aa---||||001yy 200 1 $aIn search of lost roses$fThomas Christopher 210 $aChicago$cChicago University Press$d[c1989] 215 $a240 p.$cill.$d20 cm 606 0 $aRose antiche$xRicerca$xClassificazione$yStati Uniti d'America 606 0 $aRose antiche$xRicerca$xClassificazione$yEuropa 606 0 $aRose$xAmbiente naturale 676 $a635.933 700 1$aCHRISTOPHER,$bThomas$0600747 801 0$aIT$bsalbc$gISBD 912 $a990003081230203316 951 $aIII.1. 2961$b204242 LM$cIII.1.$d00200137 959 $aBK 969 $aUMA 979 $aSENATORE$b90$c20080314$lUSA01$h1558 979 $aSENATORE$b90$c20080314$lUSA01$h1601 979 $aSENATORE$b90$c20080314$lUSA01$h1601 996 $aIn search of lost roses$91023675 997 $aUNISA LEADER 01920 am 22005653u 450 001 9910156506103321 005 20230422032054.0 010 $a90-04-28669-1 024 7 $a10.1163/9789004286696 035 $a(CKB)2670000000575406 035 $a(OCoLC)966043766 035 $a(OCoLC)845139273 035 $a(nllekb)BRILL9789004286696 035 $a(WaSeSS)IndRDA00056991 035 $a(WaSeSS)IndRDA00125665 035 $a(oapen)https://directory.doabooks.org/handle/20.500.12854/26854 035 $a(PPN)184918316 035 $a(EXLCZ)992670000000575406 100 $a20200715d1964 uy 0 101 0 $adut 135 $aurmn#nnn||||| 181 $ctxt$2rdacontent 182 $cc$2rdamedia 183 $acr$2rdacarrier 200 13$aDe Uma-taal (west midden-Celebes) $espraakkunstige schets en teksten /$fS. J. Esser 210 $cBrill$d1964 210 1$aHague, Netherlands :$cMartinus Nijhoff,$d1964. 215 $a1 online resource (xiv, 144 pages) $cdigital, PDF file(s) 225 1 $aVerhandelingen van het Koninklijk Instituut voor Taal-, Land- en Volkenkunde ;$vDeel 43 320 $aIncludes bibliographical references and index. 330 $aIndonesia 410 0$aVerhandelingen van het Koninklijk Instituut voor Taal-, Land- en Volkenkunde ;$vDeel 43. 606 $aUma language 606 $aMalayan languages 606 $aMalayan languages$2fast$3(OCoLC)fst01006537 606 $aUma language$2fast$3(OCoLC)fst01160774 610 $aindonesia 615 0$aUma language. 615 0$aMalayan languages. 615 7$aMalayan languages. 615 7$aUma language. 676 $a499.2 700 $aEsser$b S. J$g(Samuel Jonathan),$f1900-$0902830 702 $aEsser$b S$4auth 801 0$bWaSeSS 801 2$bUkMaJRU 906 $aBOOK 912 $a9910156506103321 996 $aDe Uma-taal (west midden-Celebes)$92018205 997 $aUNINA